Spoločenské previerky odhalili veľa rezerv

Bibliographic Details
Main Author: Valášek, Ladislav (Author)
Format: Article
Language:Slovak
Subjects:

MARC

LEADER 00000nab a2200000 a 4500
001 vtls000148715
003 SK-MaSNL
005 20260305042345.0
008 111104c1983 xo 0 slo
015 |a SNBRB19rr/mm-uuuuu 
035 |a CL0158822 
040 |a SNKBUCL  |b slo  |c SNKBUCL  |e AACR2 
041 0 |a slo 
044 |a xo  |c SK 
080 |a 631  |2 1981 
080 |a 620.9  |2 1981 
100 1 |a Valášek, Ladislav  |4 aut  |9 961296 
245 1 0 |a Spoločenské previerky odhalili veľa rezerv  |c Ladislav Valášek 
650 0 7 |a poľnohospodárstvo  |2 snkbucl  |9 679 
650 0 7 |a palivá  |2 snkbucl  |9 20464 
650 0 7 |a energia  |2 snkbucl  |9 15416 
651 7 |a 5300  |2 snkbucl  |9 279425 
651 7 |a Stredoslovenský kraj (Slovensko)  |2 snkbucl  |9 161135 
655 7 |a články z novín a časopisov  |2 snkbucl  |9 267496 
773 0 |t Technické noviny  |g Roč. 31, č. 24 (1983), s. 3 
850 |a Slovenská národná knižnica v Martine  |a MTA001 
852 |a SNK  |b KIS3GCP 
958 |a RK 
992 |a RBX 
999 |c 3348643  |d 3350573